000 00478ntaaa2200193 4500
003 01
005 20251027202042.0
008 0714s1973 ag 01
040 _aAR-BaBN
_bspa
_cAR-BaBN
_eaacr
_dRIC
082 _a251.0100 M19
100 _aMacKenzie, Hamish C
_919109
245 _aPreaching the eternities
250 _a1 ed.
260 _aEdinburgh :
_bSaint Andrew Press,
_cc1963
300 _a136 p
500 _aHomilética
650 _ahomilética
_91351
942 _cBK
999 _c15312
_d15312